| 000 | 00382nam a22001457a 4500 | ||
|---|---|---|---|
| 020 | _qPB. | ||
| 040 | _cFIZZA ISHAQ | ||
| 082 |
_a803 _bJOS |
||
| 100 |
_aSHIPLEY,T.JOSEPH. _9133838 |
||
| 245 |
_aDICTIONARY OF WORLD LITERATURE / _cJOSEPH T.SHIPLEY. |
||
| 250 | _aREVISED ED. | ||
| 260 |
_aNEW YORK ; _bLITTLEFIELD ADAMS. _c1953. |
||
| 300 |
_a451 P. ; _c9.4X5.4IN |
||
| 942 |
_2ddc _cBK |
||
| 999 |
_c616814 _d616814 |
||